| 000 | nam a22 a 4500 | ||
|---|---|---|---|
| 999 |
_c361 _d361 |
||
| 005 | 20170503145916.0 | ||
| 008 | 170503s2011 si ||||| |||| 00| 0 may d | ||
| 020 | _a9789810889463 | ||
| 040 | _aAKMAL | ||
| 082 | _a297.5 AHS | ||
| 090 |
_a297.5 _bAHS |
||
| 100 | 0 | 0 |
_aAhmad Haris Suhaimi _9817 |
| 245 |
_aAmalan dijamin ke syurga oleh Rasulullah SAW / _cAhmad Haris Suhaimi. |
||
| 260 |
_aSingapore : _bHRs Consultant, _c2011. |
||
| 300 |
_a470 p. : _b ports. (some col.) ; _c23cm |
||
| 650 | 0 |
_aHadith _9818 |
|
| 650 | 0 |
_aReligious life _xIslam _9819 |
|
| 942 |
_2ddc _cBOOK |
||
| 950 | _lAKMAL | ||